Online Catalogue and eLibrary

Sinhala padya sangrahaya (Record no. 4866)

MARC details
000 -LEADER
fixed length control field 00377nam a2200145Ia 4500
005 - DATE AND TIME OF LATEST TRANSACTION
control field 20250701012603.0
008 - FIXED-LENGTH DATA ELEMENTS--GENERAL INFORMATION
fixed length control field 240331s9999 xx 000 0 und d
082 ## - DDC Classification
Item Number - Author Mark DHA
Class No. 891
100 ## - MAIN ENTRY--PERSONAL NAME
Personal name Dharmawardena,W.F
245 #0 - TITLE STATEMENT
Title Sinhala padya sangrahaya
260 ## - PUBLICATION, DISTRIBUTION, ETC.
Place of publication, distribution, etc. Nugogoda
Name of publisher, distributor, etc. M.D..Gunasena Book & Co
Date of publication, distribution, etc. 1952
300 ## - PHYSICAL DESCRIPTION
Extent (e.g. Volumes, Pages etc.) 56 p .,
650 ## - SUBJECT ADDED ENTRY--TOPICAL TERM
Topical term or geographic name entry element Sinhala Poetry Collecetion
942 ## - Koha item type (Biblio)
Koha item type Books in Stacks (Lending)
Holdings
Lost status Damaged status Collection code Home library Current library Shelving location Date acquired Full call number Accession Number Item type
    Lending WERC Library WERC Library Social Science Cupboard 03/31/2024 89148 DHA 889 Books in Stacks (Lending)

© WERC Library